000 01167nam a2200265Ia 4500
001 16337
003 GE_BSU
008 181216s||||||||xx |||||||||||||| ||und||
020 _a9789941107290
040 _cGE_BSU
080 _a343.23
100 _aტურავა, მერაბ
245 _aსისხლის სამართალი = Strafrecht
245 _bზოგადი ნაწილის მიმოხილვა : თანდართული ტესტების ნიმუშებითა და კაზუსის ამოხსნის მეთოდის გამოყენებით
245 _cრედ. ზაზა ნანობაშვილი
260 _aთბილისი
260 _bმერიდიანი
260 _c2013
300 _a546გვ;24სმ.
300 _bპარალ. თავფურ. გერმ.. - უცხო სიტყვათა საძ.: გვ. 422-424.
541 _h26ლ.
653 _aსამართალი
653 _aსისხლის სამართალი; დანაშაული
942 _cBK
999 _c49417
_d49417